000 00705nam a22002177a 4500
003 DO-SdBNP
005 20221003085233.0
007 ta
008 110301s1958 dr 000 0 spa d
040 _aDO-SdBNP
_bspa
_cBNPHU
082 4 _axxxx
_bxxx
100 1 _aSmith, Gerald L. K.
_953018
245 1 0 _aBreves noticias editoriales /
_cGerald L. K. Smith ; prólogo Juventud Anticomunista Panamericana
246 1 2 _a(Las estafas del comunismo) :
_bBreves noticias editoriales /
260 _aSanto Domingo :
_bBriefs,
_c1958.
300 _a35 p. :
_c23 cm.
590 _aInventariado, 2022/ YL
710 _aJuventud Anticomunista Panamericana
_eprol.
_982466
910 _aYLockward
942 _2ddc
_cLF2
999 _c52500
_d52500